| 000 | 00668nam a2200253Ia 4500 | ||
|---|---|---|---|
| 001 | 3223 | ||
| 005 | 20240113233619.0 | ||
| 007 | ta | ||
| 008 | 050411s2003 g b000 u eng u | ||
| 020 | _a81-7635-557-7 | ||
| 040 | _aCotton College Assam | ||
| 041 | _aeng | ||
| 082 |
_a001.642 _bPa 29 AS |
||
| 100 | _aPayne, Chris . | ||
| 245 | 0 |
_aSams Teach Yourself A S P Net 21 days. / _cChris Payne. _hTextual Documents |
|
| 250 | _a1st ed. / | ||
| 260 |
_aNew Delhi : _bTechmedia , _c2003. |
||
| 300 |
_a4142p. ; _c23 cm.. |
||
| 504 | _aAppendix ,Index. | ||
| 653 | _aComputer Science | ||
| 942 |
_2ddc _cBK |
||
| 999 |
_c3211 _d3211 |
||